000 00788nam a2200253Ia 4500
003 OSt
005 20220923215833.0
006 a|||||r|||| 00| 0
007 ta
008 220922b |||||||| |||| 00| 0 hin d
024 _a182,123
037 _cTextual
040 _aARTS
_cARTS
_bhin
041 _2hin
_ahin
082 _aO152,1N42x, M3
100 _aअश्क, इसाक
245 0 _aसूने पडे सिवान
246 _aSūne paḍe sivāna
260 _aइलाहाबाद
_b चित्रलेखा प्रकाशन
_c1983
300 _a110 पृ.
_ccm.
650 _aहिन्दी साहित्य
_9156264
942 _hO152,1N42x, M3
_cTEXL
_2CC
999 _c335497
_d335497